World list of universities and other institutions of higher education /

Uloženo v:
Podrobná bibliografie
Médium: Kniha
Jazyk:English
Vydáno: Paris ; New York ; London : International Association of Universities ; Grove's Dictionaries ; Macmillan, 2000.
Vydání:22nd ed.
Témata:
Tagy: Přidat tag
Žádné tagy, Buďte první, kdo otaguje tento záznam!
Thư viện lưu trữ: Mạng thư viện Đại học Đà Nẵng
LEADER 00991cam a2200337 i 4500
001 000048971
003 8698
005 20130425102346.0
008 010322b2000 vm 000 eng
020 |a 9290021659 
040 |a IRC  |c IRC  |d IRC 
041 0 |a eng 
082 1 4 |a 378.025  |b Wo-L 
245 0 0 |a World list of universities and other institutions of higher education /  |c The International Association of Universities. 
250 |a 22nd ed. 
260 |a Paris ; New York ; London :  |b International Association of Universities ; Grove's Dictionaries ; Macmillan,  |c 2000. 
300 |a ix, 1632 p. ;  |c 24cm. 
630 0 4 |a Directory. 
630 0 4 |a Universities. 
630 0 4 |a Colleges. 
650 0 4 |a Universities and colleges  |x Directories. 
OWN |a DUT 
999 |a From the UDN01 
TYP |a Monograph 
TYP |a Printed language 
980 |a Mạng thư viện Đại học Đà Nẵng